000 00317nam a22001217a 4500
008 140514t xxu||||| |||| 00| 0 eng d
020 _a0340885653
100 _aBrian W.J. Mahy
_9837
245 _aTopley and wilson's Microbiology and microbial Infections
300 _a1765
440 _vvolume 2
_9838
942 _2ddc
_cBK
999 _c17082
_d17082